Spanish & Italian Food Sort Quiz Stats

 Plays Quiz Updated Sep 5, 2015

Challenge
Share
Tweet
Embed
Score 0/24 Timer 04:00
0 Plays Today
% Correct
Chorizo
95.5%
Gnocchi
94.2%
Carbonara
93.8%
Fettucine alfredo
93.6%
Ravioli
93.1%
Paella
92.8%
Prosciutto
92.5%
Gazpacho manchego
92.4%
Risotto
92.2%
Gambas al ajillo
91.7%
Jamón
91.4%
Patatas bravas
89.3%
% Correct
Ropa vieja
88.3%
Croquetas
85%
Capocollo
84.5%
Cacciucco
84%
Polbo á feira
83.9%
Pinchitos
83.3%
Arancini
82%
Ossobuco
79.6%
Braciola
79.4%
Salame
76%
Fabada
72.3%
Pisto
65.6%

You're not logged in!

Compare scores with friends on all Sporcle quizzes.
OR
Log In

You Might Also Like...

Show Comments

Extras

Top Quizzes Today


Score Distribution

Your Account Isn't Verified!

In order to create a playlist on Sporcle, you need to verify the email address you used during registration. Go to your Sporcle Settings to finish the process.

Report this User

Report this user for behavior that violates our Community Guidelines.

Details: